Čas robotů

Na minha lista:
Detalhes bibliográficos
Autor principal: Čásenský, Milan
Outros Autores: Matička, Robert, Talácko, Jaroslav
Formato: Livro
Idioma:tcheco
Publicado em: Praha Nakl. dopr. a spojů 1987
Edição:1. vyd.
Colecção:Směr Sv.5
Tags: Adicionar Tag
Sem tags, seja o primeiro a adicionar uma tag!

MARC

LEADER 00000nam a2200000 4500
001 c028420
005 20221206140024.4
041 0 |a cze 
044 |a CZ 
245 1 0 |a Čas robotů  |c Milan Čásenský, Robert Matička, Jaroslav Talácko 
250 |a 1. vyd. 
264 1 |a Praha  |b Nakl. dopr. a spojů  |c 1987 
300 |a 109 s. 
490 1 |a Směr  |v Sv.5 
830 0 |a Směr  |v Sv.5 
100 1 |a Čásenský, Milan 
700 1 |a Matička, Robert 
700 1 |a Talácko, Jaroslav